000 01047nam a2200265 a 4500
001 1764279
003 AM-YEHGA
005 20250617164711.0
008 210331s2021 ai a|||gr|||||||||1|arm|d
020 _a9789939765587
040 _aAM-YeHGA
041 1 _aarm
_heng
100 1 _aՔութզի, Ջոն Մաքսվելլ
_d1940-
245 1 0 _aԲարբարոսներին սպասելիս :
_b[Վեպ] /
_cՋ. Մ. Քութզի ; Անգլերենից թարգմ.` Լ. Զիլֆուղարյան ; Խմբ.` Լ. Դալլաքյան.
246 1 5 _aWaiting for the Barbarians.
260 _aԵրևան :
_bԱնտարես,
_c2021.
300 _a205 էջ :
_bդիմանկ.;
_c21 սմ.
490 0 _aՆոբելյան մրցանակակիրներ
650 1 4 _aՀարավաֆրիկյան արձակ
650 1 4 _aՀարավաֆրիկյան գրականություն
_xՎեպ
700 1 _aԶիլֆուղարյան, Լեոնիդ
_eթարգմ.
_4trl
700 1 _aԴալլաքյան, Լեռնիկ
_eխմբ.
_4edt
942 _2udc
_cBK
090 _c566443
999 _c528252
_d528252